|
|
|
|
| LEADER |
01711nam a2200397 a 4500 |
| 001 |
000708555 |
| 003 |
CZ BrMZK |
| 005 |
20040419105314.0 |
| 007 |
ta |
| 008 |
040315s2003 xr a e p 000 0 cze d |
| 015 |
|
|
|a cnb001304852
|
| 020 |
|
|
|a 80-7194-621-4
|q (brož.) :
|c Kč 54,00
|
| 035 |
|
|
|a (OCoLC)56854272
|
| 040 |
|
|
|a BOA001
|b cze
|
| 072 |
|
7 |
|a 519
|x Kombinatorika. Teorie grafů. Matematická statistika. Operační výzkum. Matematické modelování
|2 Konspekt
|9 13
|
| 072 |
|
7 |
|a 37.016
|x Učební osnovy. Vyučovací předměty. Učebnice
|2 Konspekt
|9 22
|
| 080 |
|
|
|a 519.83
|2 MRF
|
| 080 |
|
|
|a 519.816
|2 MRF
|
| 080 |
|
|
|a (075.8)
|2 MRF
|
| 100 |
1 |
|
|a Volek, Josef,
|d 1948-
|7 ola2002142341
|4 aut
|
| 245 |
1 |
0 |
|a Operační výzkum IV :
|b teorie her a optimálního rozhodování /
|c Josef Volek
|
| 250 |
|
|
|a Vyd. 1.
|
| 260 |
|
|
|a Pardubice :
|b Univerzita Pardubice,
|c 2003
|
| 300 |
|
|
|a 101 s. :
|b il. ;
|c 30 cm
|
| 500 |
|
|
|a 500 výt.
|
| 500 |
|
|
|a Nad názvem: Univerzita Pardubice. Dopravní fakulta Jana Pernera. Katedra informatiky v dopravě
|
| 504 |
|
|
|a Obsahuje bibliografii
|
| 521 |
|
|
|a Určeno pro posluchače Dopravní fakulty Jana Pernera Univerzity Pardubice
|
| 650 |
0 |
7 |
|a teorie her
|7 ph126557
|2 czenas
|
| 650 |
0 |
7 |
|a optimální rozhodování
|7 ph123770
|2 czenas
|
| 655 |
|
7 |
|a učebnice vysokých škol
|7 fd133772
|2 czenas
|
| 710 |
2 |
|
|a Univerzita Pardubice.
|b Katedra informatiky v dopravě
|7 mzk2004227786
|
| 856 |
4 |
1 |
|u http://www.digitalniknihovna.cz/mzk/uuid/uuid:bb757920-fa97-11e2-9923-005056827e52
|y Digitalizovaný dokument
|x NDK
|
| 910 |
|
|
|a BOA001
|b 3-1131.343
|
| 990 |
|
|
|a BK
|
| 996 |
6 |
|
|b 2610214874
|c 3-1131.343
|l MZK
|r Sklad / do 1 hodiny
|n 8
|p p.v.
|w 000708555
|u 000010
|a 1
|e BOA001
|j MZK50
|s P
|